Nordkorea oder Südkorea? - Statistiken

Allgemein
  • Dieses Quiz wurde 132 mal gespielt
  • Das Durchschnittsergebnis liegt bei 7 aus 8
Antwortstatistiken
Frage Antwort % Korrekt
In welchem Land erhalten die Menschen durchschnittlich das höhere Einkommen? Südkorea🇰🇷
100%
Welches Land verfügt über die größere Anzahl an Atombomben? Nordkorea🇰🇵
95%
Welches Land hat mehr Einwohner? Südkorea🇰🇷
95%
Wessen Militär ist stärker/hat mehr Soldaten? Nordkorea🇰🇵
94%
Wessen Happy Planet Index (HPI) ist höher? Südkorea🇰🇷
94%
Wessen Bruttoinlandsprodukt ist höher? Südkorea🇰🇷
88%
Welches Land erstreckt sich über die größere Fläche? Nordkorea🇰🇵
83%
Wessen Küstenlinie ist länger? Nordkorea🇰🇵
26%
Keine übereinstimmenden Quizze gefunden
Verteilung der Resultate
Anzahl Personen mit jedem Resultat
Perzentil nach korrekt beantworteten Fragen
Ihre Resultats-Entwicklung
Sie haben dieses Quiz noch nicht gespielt